000 00316nam a2200109Ia 4500
008 160609s9999 xx 000 0 und d
100 _aRichardson, Jance.
245 _aLaw And The Philosophy Of Privacy
245 _cBy:Janice Richardson
260 _c2015
856 _uhttp://file.ebook777.com/LawAndThePhiOfPri.pdf
999 _c295656
_d295656